[Event "Yingmei Cup CHN-chT 2017"]
[Site "?"]
[Date "2017.11.02"]
[Round "16"]
[White "Ding, Yixin"]
[Black "Huang, Qian"]
[Result "1/2-1/2"]
[WhiteElo "2421"]
[BlackElo "2436"]
[Annotator "TA"]
[PlyCount "48"]
[EventDate "2017.??.??"]
[SourceTitle "Tianjin"]

1. e4 c5 2. Nf3 d6 3. d4 cxd4 4. Nxd4 Nf6 5. Nc3 a6 6. Be3 e5 7. Nf3 Be7 8. Bc4
O-O 9. O-O Nc6 10. Bg5 {B90: Sizilianisch (Najdorf-Variante, Abweichungen)} Na5
(10... Be6 11. Bb3 Nd7 12. Bxe7 Qxe7 13. Nd5 Qd8 14. Qe2 Nc5 15. Rfd1 h6 16.
Qe3 Nxb3 17. axb3 Ne7 18. Nb6 Rb8 19. Nxe5 {1-0 (42) Grischuk,A (2761)
-Topalov,V (2749) Paris 2017}) 11. Bb3 Be6 12. Bxf6 Bxf6 13. Nd5 Nxb3 14. axb3
{LiveBook: 18 Partien} Bg5 15. Qd3 Rc8 16. c4 $146 ({Vorgänger:} 16. c3 Bh6
17. Nd2 Bxd2 18. Qxd2 f5 19. exf5 Rxf5 {1-0 (52) Petrosian,D (2487)-Khojayan,V
(2219) Jermuk 2010}) 16... Kh8 17. Rad1 Rc6 18. Qc3 Be7 19. Qb4 Bxd5 20. Rxd5
Rb6 21. Qa3 Rc6 22. Qb4 Rb6 23. Qa3 {Droht stark c5!} Rc6 24. Qb4 Rb6 {
Precision: Weiß = 19%, Schwarz = 48%.} 1/2-1/2

[Event "Yingmei Cup CHN-chT 2017"]
[Site "?"]
[Date "2017.11.02"]
[Round "16"]
[White "Khademalsharieh, Sarasadat"]
[Black "Tan, Zhongyi"]
[Result "1/2-1/2"]
[WhiteElo "2414"]
[BlackElo "2523"]
[Annotator "TA"]
[PlyCount "59"]
[EventDate "2017.??.??"]
[SourceTitle "Tianjin"]

1. d4 Nf6 2. c4 e6 3. Nf3 d5 4. Nc3 c6 5. Bg5 Nbd7 6. e3 Qa5 7. Nd2 dxc4 8.
Bxf6 Nxf6 9. Nxc4 Qc7 10. Rc1 Be7 11. g3 Nd5 {D52: Queen's Gambit Declined:
Cambridge Springs Variation} (11... O-O 12. Bg2 Rd8 13. O-O Bd7 14. Qb3 Rac8
15. Rfd1 Be8 16. Ne4 Nxe4 17. Bxe4 b5 18. Nd2 h6 19. Bg2 {1/2-1/2 (46)
Grischuk,A (2761)-Carlsen,M (2832) Paris 2017}) 12. a3 Nxc3 13. Rxc3 {[#]} O-O
$146 {White is slightly better.} ({Predecessor:} 13... a5 14. Bg2 O-O 15. O-O
Bd7 16. Qc2 Rfd8 17. Ne5 Be8 18. Nd3 Ra7 19. h4 {1-0 (100) L'Ami,E (2613)
-Michiels,B (2563) Wijk aan Zee 2015}) 14. Bg2 Rd8 15. b4 Bd7 16. O-O Rac8 17.
Qc2 Be8 18. Rc1 Bf6 19. f4 Qe7 20. Nd2 Ra8 21. Nb3 g6 22. Nc5 a6 23. Qb3 Bg7
24. a4 Rab8 25. Bf3 h5 26. Kg2 Rd6 27. Ne4 Rdd8 28. Nc5 Rd6 $1 29. Ne4 Rdd8 30.
Nc5 {Precision: White = 44%, Black = 57%.} (30. Be2 $16) 1/2-1/2

[Event "Yingmei Cup CHN-chT 2017"]
[Site "?"]
[Date "2017.11.02"]
[Round "16"]
[White "Guo, Qi"]
[Black "Zhao, Xue"]
[Result "1/2-1/2"]
[WhiteElo "2394"]
[BlackElo "2484"]
[Annotator "TA"]
[PlyCount "39"]
[EventDate "2017.??.??"]
[SourceTitle "Tianjin"]

1. d4 Nf6 2. c4 e6 3. Nf3 Bb4+ 4. Bd2 a5 5. g3 d6 6. Bg2 Nbd7 7. O-O e5 8. e3
Bxd2 {E11: Bogo-Indian} (8... c6 9. Bc3 e4 10. Ne1 O-O 11. a3 Bxc3 12. Nxc3 Re8
13. f3 exf3 14. Qxf3 Nb6 15. b3 a4 16. c5 dxc5 17. dxc5 {1/2-1/2 (60) Bacrot,E
(2705)-Fressinet,L (2706) Calvi 2013}) 9. Nfxd2 O-O 10. Nc3 c6 11. a3 {
LiveBook: 4 Games} Qb6 $146 ({Predecessor:} 11... exd4 12. exd4 Nb6 13. d5 cxd5
14. cxd5 Bf5 15. Qf3 Qd7 16. Rfe1 {1-0 (63) Hernandez Carmenates,H (2570)
-Alvarez Pedraza,A (2551) Havana 2012}) 12. Nde4 Ne8 13. Nxd6 ({Better is} 13.
Rc1 $16) 13... Nxd6 $11 14. c5 $1 {[#]} Nxc5 $1 15. dxc5 Qxc5 16. Na4 Qb5 $1
17. Nc3 {White has compensation.} Qc5 {The position is equal.} ({Wrong is} 
17... Qxb2 $2 18. Na4 $18) 18. Na4 Qb5 $1 19. Nc3 Qc5 ({Avoid the trap} 19...
Qxb2 $2 20. Na4 $18) 20. Na4 1/2-1/2

[Event "Yingmei Cup CHN-chT 2017"]
[Site "?"]
[Date "2017.11.02"]
[Round "16"]
[White "Xu, Zhihang"]
[Black "Dai, Changren"]
[Result "0-1"]
[WhiteElo "2376"]
[BlackElo "2425"]
[Annotator "TA"]
[PlyCount "144"]
[EventDate "2017.??.??"]
[SourceTitle "Tianjin"]

1. d4 Nf6 2. c4 e6 3. Nc3 Bb4 4. e3 O-O 5. Bd3 d5 6. Nf3 dxc4 7. Bxc4 c5 8. O-O
cxd4 9. exd4 b6 10. Bg5 Bb7 11. Qe2 Be7 12. Rfd1 Nbd7 13. Rac1 Re8 {[%emt 0:00:
08] E54: Nimzo-Indian: Rubinstein: Main Line: 7...dxc4 Bxc4} 14. Ne5 {Hoping
for Nxf7!} Nd5 15. Bxd5 $146 ({Predecessor:} 15. Bxe7 Rxe7 16. Nxd5 exd5 17.
Ba6 Bxa6 18. Qxa6 Nxe5 19. dxe5 Rxe5 20. Qb7 g6 21. Rc7 {0-1 (28) Dragun,K 
(2432)-Macieja,B (2636) Warsaw 2011}) 15... exd5 {The position is equal.} 16.
Be3 Bd6 17. Nd3 Nf8 18. Qf3 Ne6 19. Nb5 Bb8 20. g3 Qd7 21. Nc3 f6 22. h4 Bd6
23. Nf4 Nc7 24. Nh5 Rad8 25. Bf4 Bf8 26. Bxc7 Qxc7 27. Nb5 Qf7 $1 28. Rc7 Re7
29. Rdc1 Ba6 30. Rxe7 Qxe7 31. a4 Qe4 $36 {Black is more active.} 32. Qxe4 dxe4
33. Rc7 Bxb5 $1 34. axb5 Rxd4 $17 {Endgame KRB-KRN} 35. Nf4 Rd1+ 36. Kg2 Rd2
37. Ne6 (37. Rxa7 $17 e3 38. Ra8) 37... e3 $1 $19 38. Rc8 $2 (38. Kf3 e2 39.
Rc1) 38... Kf7 39. Rxf8+ {KRN-KR} Ke7 {Threatens to win with ...e2.} 40. Kf1
Rxf2+ ({Weaker is} 40... Kxe6 41. Re8+ Kf7 42. Rxe3 $17) 41. Ke1 Kxe6 {KR-KR}
42. Re8+ Kf5 43. Rxe3 Rxb2 44. Re7 Kg6 45. Rxa7 Rxb5 46. Kf2 (46. Ra4 $142 Rb1+
47. Kf2) 46... h5 47. Kf3 Rb3+ 48. Kf4 Rb4+ 49. Kf3 Kh6 50. Rc7 Rb3+ 51. Kf2 b5
52. Rb7 b4 53. Rc7 (53. Rb8 $142) 53... Rb1 54. Kg2 b3 55. Rb7 Kg6 (55... g5
$142 56. Rb6 gxh4 57. gxh4 Kg6) 56. Kh2 (56. Rd7 $142) 56... b2 (56... Rb2+
$142 57. Kg1 Rb1+ 58. Kh2 b2) 57. Rb5 Kf7 58. Rb7+ Ke6 59. Kg2 Kf5 $2 (59...
Kd5 $19 60. Rb8 Kc4) 60. Rb8 $2 {[#]} (60. Rb5+ $11 Ke4 61. Rb7) 60... Ke4 $2 (
60... g5 {mates} 61. Rb5+ Kg6 62. hxg5 fxg5 63. Rb7 h4 64. gxh4 gxh4 65. Rb4
Kf6 66. Rb6+ Kf5 67. Rb8 Ke5 68. Rb5+ Ke4 69. Rb4+ Kd5 70. Rb5+ Kd4 71. Rb8 Kc3
72. Rc8+ Kd3 73. Rb8 Kc3 74. Rc8+ Kd3 75. Rb8 Kc3) 61. Re8+ Kf5 $2 (61... Kd3
62. Rd8+ Kc4) 62. Rb8 g5 63. Rb5+ Kg6 64. hxg5 f5 {Black mates.} 65. Rb8 Kxg5
66. Rg8+ Kh6 67. Rb8 {[#]} h4 $1 68. gxh4 f4 69. Rb6+ Kh5 70. Rb5+ Kxh4 71. Rb7
Kg5 72. Rb5+ Kf6 {Precision: White = 41%, Black = 65%.} 0-1

[Event "Yingmei Cup CHN-chT 2017"]
[Site "?"]
[Date "2017.11.02"]
[Round "16"]
[White "Zhu, Jiner"]
[Black "Kashlinskaya, Alina"]
[Result "1/2-1/2"]
[WhiteElo "2363"]
[BlackElo "2455"]
[Annotator "TA"]
[PlyCount "107"]
[EventDate "2017.??.??"]
[SourceTitle "Tianjin"]

1. e4 e5 2. Nf3 Nf6 3. Nxe5 d6 4. Nf3 Nxe4 5. Nc3 Nxc3 6. dxc3 Be7 7. Be3 Nc6
8. Qd2 Be6 9. O-O-O {C42: Petroff Defence: 3 Nxe5 and unusual White 3rd moves}
Qd7 ({Wrong is} 9... Bxa2 $2 10. b3 $18) 10. h3 a6 ({Don't play} 10... Bxa2 $6
11. b3 $18) 11. b3 {White is slightly better.} O-O-O 12. g4 h5 $146 ({
Predecessor:} 12... h6 13. Bg2 Bf6 14. Rhe1 Rhe8 15. Kb1 Kb8 16. Re2 Re7 {
1/2-1/2 (27) Swiercz,D (2637)-Ter Sahakyan,S (2605) Martuni 2017}) 13. g5 Ne5
14. Bg2 Nxf3 15. Bxf3 f6 16. h4 fxg5 17. hxg5 h4 18. c4 h3 19. Qb4 (19. Qd4 {
is more complex.} c5 20. Qxg7 Rhg8 21. Qh6 Rh8 22. Qg7) 19... c6 20. Qc3 Rdf8
21. Be4 Rh4 22. Qd3 Bf5 23. Bxf5 Qxf5 24. f4 Qxd3 25. Rxd3 Kd7 $36 {Black is
pushing.} 26. Kd2 (26. Rh2 $11 {keeps the balance.}) 26... Ke6 27. Ke2 h2 28.
Bd2 Kf5 29. a4 ({Better is} 29. Be1 $15 Rxf4 30. Rxh2) 29... Rfh8 30. Kf2 {[#]}
(30. Kf3 $17 {is a better defense.}) 30... d5 $1 $19 31. cxd5 Bc5+ 32. Kg2 {[#]
} Rg4+ $1 33. Rg3 Rxg3+ 34. Kxg3 {Endgame KRB-KRB} Bg1 35. Bc3 $2 (35. dxc6 $17
{was the only chance.} bxc6 36. Bc3) 35... Re8 36. Bxg7 Re3+ 37. Kg2 {Hoping
for Bd4.} Kxf4 38. dxc6 bxc6 39. c3 $2 (39. Rxh2 Bxh2 40. Kxh2) 39... Re2+ 40.
Kh3 Kf3 (40... Re7 $142 41. Bf8 Re3+ 42. Kg2 Rg3+ 43. Kf1 Rxc3) 41. Bf6 c5 42.
b4 (42. a5 $142) 42... cxb4 43. cxb4 {White hopes to continue with b5.} Re4 (
43... Rd2 $142 {( -> ...Rd7)} 44. Kh4 Kg2 45. Rxh2+ Bxh2) 44. b5 $2 (44. Rxh2
$19 Bxh2 45. Kxh2 Rh4+ 46. Kg1 Rxb4 47. a5) 44... Bf2 45. g6 Re6 46. Rxh2 Rxf6
{KRB-KR} 47. Rg2 {[#]} Rf4 $2 (47... axb5 $1 {mates} 48. axb5 Rf4 49. Rxf2+
Kxf2 50. b6 Kf3 51. b7 Rf8 52. g7 Rg8 53. Kh4 Kf4 54. Kh5 Kf5 55. Kh4 Kg6 56.
Kg3 Kxg7 57. Kf4 Re8 58. Kf5 Kf7 59. Kg4 Ke6 60. Kf4 Kf6 61. Kg3 Rb8 62. Kf4
Rxb7 63. Ke3 Rd7 64. Ke4 Rd6 65. Kf4 Re6 66. Kg4 Ke5 67. Kf3 Kf5 68. Kg3 Re3+
69. Kg2 Kg4 70. Kf2 Re8 71. Kg2 Rf8 72. Kh1 Kh3 73. Kg1 Kg3 74. Kh1 Rf1#) 48.
Rxf2+ $1 $11 {The position is equal.} Kxf2 49. bxa6 {Threatens to win with g7.
KR-K3P} Rf8 50. Kg4 Ke3 51. Kg5 ({Avoid the trap} 51. a7 $2 Ke4 $19) 51... Ke4
52. g7 Ra8 53. Kg6 Rxa6+ 54. Kh7 {Precision: White = 33%, Black = 58%.} 1/2-1/2

[Event "Yingmei Cup CHN-chT 2017"]
[Site "?"]
[Date "2017.11.02"]
[Round "16"]
[White "Vo, Thi Kim Phung"]
[Black "Ju, Wenjun"]
[Result "1/2-1/2"]
[WhiteElo "2355"]
[BlackElo "2579"]
[Annotator "TA"]
[PlyCount "49"]
[EventDate "2017.??.??"]
[SourceTitle "Tianjin"]

1. d4 Nf6 2. c4 e6 3. Nc3 Bb4 4. Qc2 O-O 5. Nf3 c5 6. dxc5 Na6 7. Bg5 Nxc5 8.
a3 Bxc3+ 9. Qxc3 b6 {E39: Nimzoindisch (4.Dc2)} (9... Nce4 10. Bxf6 Nxf6 11. e3
b6 12. Bd3 Bb7 13. O-O Rc8 14. Rfd1 Rc5 15. Qd4 Bxf3 16. gxf3 Rg5+ 17. Kh1 {
0-1 (37) Camus,B (2248)-Demuth,A (2540) Agen 2017}) 10. Bxf6 Qxf6 11. Qxf6 gxf6
{LiveBook: 4 Partien} 12. e3 a5 13. Rd1 a4 14. Rd6 $146 ({Vorgänger:} 14. Be2
Ba6 15. Nd4 Rfc8 16. Nc2 Ne4 17. Nb4 Bxc4 18. Rxd7 b5 {1/2-1/2 (33) Debouverie,
J-Csonkics,T (2355) France 1990}) 14... Rb8 {Die Stellung ist ausgeglichen.}
15. Be2 Ba6 16. Nd4 Rfc8 17. O-O Kf8 {[#] Droht stark ...Ke7.} 18. Nc2 Ne4 19.
Rxd7 Bxc4 20. Bxc4 Rxc4 21. Nb4 Nc5 22. Rd6 Ne4 23. Rd7 Nc5 24. Rd6 Ne4 25. Rd7
{Precision: Weiß = 70%, Schwarz = 63%.} 1/2-1/2

[Event "Yingmei Cup CHN-chT 2017"]
[Site "?"]
[Date "2017.11.02"]
[Round "16"]
[White "Zhang, Xiaowen"]
[Black "Harika, Dronavalli"]
[Result "1/2-1/2"]
[WhiteElo "2328"]
[BlackElo "2528"]
[Annotator "TA"]
[PlyCount "98"]
[EventDate "2017.??.??"]
[SourceTitle "Tianjin"]

1. e4 c5 2. Nf3 Nc6 3. d4 cxd4 4. Nxd4 Nf6 5. Nc3 e5 6. Ndb5 d6 7. Bg5 a6 8.
Na3 b5 9. Nd5 Be7 10. Bxf6 Bxf6 11. c3 Bg5 12. Nc2 Rb8 13. a4 bxa4 14. Ncb4
Nxb4 15. Nxb4 {Strongly threatening Nc6.} Bd7 {Threatens to win with ...a5.
B33: Sicilian: Pelikan and Sveshnikov Variations} 16. Bxa6 O-O (16... Qa5 17.
Qxd6 Rb6 18. Qd3 Be7 19. Rd1 Bg4 20. Rd2 Rxb4 21. cxb4 Bxb4 22. f3 Bxd2+ 23.
Qxd2 Qxa6 24. fxg4 {0-1 (33) Yu,R (2526)-Yu,Y (2750) China 2017}) 17. O-O {[#]}
Kh8 $146 {White has an edge.} ({Predecessor:} 17... Qc7 18. Qd3 Rfd8 19. Bc4
Rb7 20. Bd5 Ra7 21. Rfd1 Be8 22. Ra3 Rc8 23. Ba2 {1-0 (70) Papp,G (2601)
-Ikonnikov,V (2518) Germany 2016}) 18. Qxd6 Be7 19. Qxe5 Bxb4 20. cxb4 Qb6 21.
b5 Bxb5 22. Bxb5 Qxb5 23. Qxb5 Rxb5 24. Rxa4 Rxb2 $14 {Endgame KRR-KRR} 25. h3
h6 26. Rfa1 Rfb8 27. Ra7 Kg8 28. Ra8 h5 29. Rxb8+ Rxb8 {KR-KR} 30. Kh2 g6 31.
Kg3 Rb2 32. h4 Kg7 33. Ra3 Rc2 34. f4 Rb2 35. Kf3 Rb1 36. g3 Rb4 37. Re3 Rb1
38. Ke2 Ra1 39. Rc3 Ra4 40. Kf3 Rb4 41. e5 Rb1 42. Ke4 Re1+ 43. Kd4 Rd1+ 44.
Rd3 Ra1 45. Kd5 Kf8 46. Rc3 Rd1+ 47. Ke4 Re1+ 48. Kd5 Rd1+ 49. Ke4 Re1+ {
Precision: White = 55%, Black = 80%.} 1/2-1/2

[Event "Yingmei Cup CHN-chT 2017"]
[Site "?"]
[Date "2017.11.02"]
[Round "16"]
[White "Xiao, Yiyi"]
[Black "Sun, Fanghui"]
[Result "1/2-1/2"]
[WhiteElo "2310"]
[BlackElo "2126"]
[Annotator "ChessBase"]
[PlyCount "93"]
[EventDate "2017.??.??"]
[SourceTitle "Tianjin"]
[TimeControl "5400+30"]

1. d4 d5 2. c4 c6 3. cxd5 cxd5 4. Nc3 Nc6 5. Bf4 a6 6. e3 Nf6 7. Bd3 g6 8. Nf3
Bg7 9. h3 O-O 10. O-O Re8 11. Rc1 Qa5 12. Qb3 Qb4 13. Qc2 Qa5 14. a3 Bd7 15.
Qb3 Ra7 16. Ne5 e6 17. Rc2 Rc8 18. Rfc1 Nxe5 19. Bxe5 Ne8 20. Bg3 b5 21. Ne2
Rxc2 22. Qxc2 Bf8 23. h4 Ra8 24. Bc7 Nxc7 25. Qxc7 Qxc7 26. Rxc7 Bc8 27. h5 Bd6
28. Rc6 Be7 29. Nc3 Kf8 30. e4 Bd7 31. Rc7 Ke8 32. Ne2 Kd8 33. Rc1 dxe4 34.
Bxe4 Rc8 35. Rd1 Bc6 36. d5 exd5 37. Bxd5 Bxd5 38. Nc3 Ke8 39. Nxd5 Kf8 40. Re1
Bd8 41. hxg6 hxg6 42. Re2 Rc5 43. Rd2 Bg5 44. f4 Bh4 45. Kh2 Be1 46. Rd1 Bf2
47. Rd2 1/2-1/2

[Event "Yingmei Cup CHN-chT 2017"]
[Site "?"]
[Date "2017.11.02"]
[Round "16"]
[White "Zhai, Mo"]
[Black "Ni, Shiqun"]
[Result "1/2-1/2"]
[WhiteElo "2300"]
[BlackElo "2441"]
[Annotator "TA"]
[PlyCount "63"]
[EventDate "2017.??.??"]
[SourceTitle "Tianjin"]

1. c4 e5 2. g3 c6 3. d4 e4 4. Nc3 d5 5. cxd5 cxd5 6. Qb3 {A20: English Opening:
1...e5} Nc6 7. Qxd5 Qxd5 8. Nxd5 Nxd4 {LiveBook: 10 Games} 9. Rb1 $146 {
[#] Threatens to win with Nc7+.} ({Predecessor:} 9. Nc7+ Kd8 10. Nxa8 Nc2+ 11.
Kd1 Nxa1 {1/2-1/2 (39) Maletin,P (2571)-Morozevich,A (2712) Rostov on Don 2014}
) 9... Bd6 10. Bg2 (10. Bf4 $5 Be6 11. Bxd6 Bxd5 12. Be5 $15) 10... Bf5 11. g4
Bxg4 {Threatening ...Bf5.} 12. Bxe4 Bf5 (12... Ne7 {with more complications.}
13. Bf4 Bxf4 14. Nxf4 O-O-O 15. e3 g5) 13. Bxf5 Nxf5 14. Bd2 Nge7 15. Nxe7 Nxe7
16. Nf3 f6 17. e3 Kf7 18. Ke2 Rac8 19. Rhg1 a6 20. h3 Rhd8 21. Rbc1 Rxc1 (21...
Nc6 {is interesting.} 22. Rgd1 Be7 23. e4 g6 24. Be3 Rxd1 25. Rxd1 Rd8) 22.
Rxc1 Nc6 23. Bc3 Rd7 24. Ne1 g5 25. Nd3 h5 26. Rg1 Ke6 27. f4 Be7 28. fxg5 fxg5
29. Nf2 Rd5 {The position is equal.} 30. Ne4 b5 31. Rc1 Ne5 32. Rg1 {Precision:
White = 52%, Black = 45%.} 1/2-1/2

[Event "Yingmei Cup CHN-chT 2017"]
[Site "?"]
[Date "2017.11.02"]
[Round "16"]
[White "Ren, Xiaoyi"]
[Black "Lei, Tingjie"]
[Result "0-1"]
[WhiteElo "2254"]
[BlackElo "2528"]
[Annotator "TA"]
[PlyCount "92"]
[EventDate "2017.??.??"]
[SourceTitle "Tianjin"]

1. d4 d5 2. Nf3 Nf6 3. g3 Bf5 4. Bg2 e6 5. O-O Nbd7 6. c4 c6 7. Qb3 Qb6 8. c5 {
D11: Slav Defence: 3 Nf3 sidelines and 3...Nf6 4 e3 Bg4} (8. Nc3 Be7 9. c5 Qxb3
10. axb3 a6 11. b4 Rc8 12. h3 h6 13. g4 Bh7 14. Bf4 Ne4 15. e3 g5 16. Bh2 h5
17. Nxe4 Bxe4 {0-1 (40) Mozharov,M (2573)-Onischuk,A (2662) Moscow 2015}) 8...
Qa6 9. Nc3 h6 10. Re1 b6 11. cxb6 axb6 {LiveBook: 6 Games} 12. Nh4 Bh7 13. e4
dxe4 14. Nxe4 Nd5 ({Black should play} 14... Nxe4 $15 15. Bxe4 Bxe4 16. Rxe4
Be7) 15. Nc3 $146 Be7 16. Nxd5 cxd5 17. Bd2 Qa4 {[#]} 18. Bxd5 $1 exd5 19. Qxd5
{Strongly threatening b3.} Nf6 $1 20. Qb7 O-O $1 21. Qxe7 Ne4 (21... Qc2 $11
22. Qb4 Nd5) 22. Be3 ({Reject} 22. Rxe4 Rfe8 $11) 22... Qb5 23. Qe5 Qd7 24.
Rec1 (24. d5 $16) 24... Rfe8 25. Rc7 $2 (25. Qc7 $11 {and White has nothing to
worry.} Qxc7 26. Rxc7) 25... Qd8 $1 $19 26. Qf4 Nf6 $2 (26... Ng5 $19 27. Qg4
Qxc7) 27. Rc6 $1 $11 Nd5 28. Qd6 Nxe3 29. Qxd8 Raxd8 30. fxe3 Rxe3 31. Rd1 (31.
Rxb6 $11 Be4 32. Ng2) 31... Re2 $1 $15 32. Rxb6 Be4 33. g4 {[#]} (33. d5 $15)
33... g6 (33... Rc8 $1 $17 {Hoping for ...Rcc2.} 34. d5 Bxd5) 34. Rb5 (34. d5
$11 {keeps the balance.}) 34... Bc2 $36 {Black is in control.} 35. Rf1 Rxd4 36.
h3 {Rb8+ is the strong threat.} Be4 37. Re5 Rxb2 {White must now prevent ...
Bd5.} 38. Re8+ Kg7 {And now ...Bd5 would win.} 39. Re7 $2 (39. Rf4 $17 Rd1+ 40.
Rf1 Rxf1+ 41. Kxf1) 39... Bd5 $19 40. Rd7 {intending Rfxf7+!} Rdd2 41. a4 Ra2
42. a5 {White hopes to continue with a6!} Kg8 43. Rd8+ {[#]} Kh7 $1 44. Rd7 (
44. Rxd5 $142 Rxd5 45. Rxf7+ Kg8 46. Rf2 Rxf2 47. Kxf2) 44... g5 45. Nf3 Rg2+
46. Kh1 Rh2+ {Precision: White = 52%, Black = 72%.} 0-1

[Event "Yingmei Cup CHN-chT 2017"]
[Site "?"]
[Date "2017.11.02"]
[Round "16"]
[White "Ning, Kaiyu"]
[Black "Gu, Tianlu"]
[Result "1/2-1/2"]
[WhiteElo "2173"]
[BlackElo "2187"]
[Annotator "TA"]
[PlyCount "72"]
[EventDate "2017.??.??"]
[SourceTitle "Tianjin"]

1. d4 d5 2. c4 c6 3. Nf3 Nf6 4. e3 Bf5 5. Nc3 a6 6. Be2 {D15: Slav Defence: 4
Nc3 a6 and gambit lines after 4 Nc3 dxc4} e6 (6... h6 7. Qb3 b5 8. cxd5 cxd5 9.
a4 b4 10. Qxb4 Nc6 11. Qb3 e6 12. O-O Bd6 13. a5 O-O {1/2-1/2 (102) Wojtaszek,
R (2736)-Fedoseev,V (2726) Dortmund 2017}) 7. O-O Bd6 8. b3 Nbd7 9. Bb2 h6 10.
Bd3 {LiveBook: 6 Games} Bxd3 11. Qxd3 O-O 12. e4 {e5 is the strong threat.}
dxe4 (12... dxc4 {looks sharper.} 13. bxc4 e5 14. d5 cxd5 15. Nxd5 Nc5) 13.
Nxe4 Nxe4 14. Qxe4 {[#]} Re8 $146 ({Predecessor:} 14... Qe7) 15. Rad1 Qa5 16.
Qc2 Rad8 17. Rfe1 Qh5 18. Qc3 Nf6 19. h3 Qg6 20. Ne5 Qf5 21. Qe3 Nd7 22. Nxd7
Rxd7 23. d5 cxd5 {[#]} 24. Rxd5 $1 exd5 25. Qxe8+ Kh7 26. Bd4 (26. g4 $11 {
keeps the balance.} Qf4 27. Qxd7 Qh2+ 28. Kf1 Qh1+ 29. Ke2 Qe4+ 30. Kf1 Qh1+
31. Ke2 Qe4+ 32. Kf1 Qh1+) 26... Rc7 (26... dxc4 $17 {Hoping for ...Bb4.} 27.
bxc4 (27. g4 Qd5 $17) 27... Bh2+ 28. Kxh2 Rxd4) 27. cxd5 $11 Qxd5 28. Qe3 f5
29. Qd2 $40 {White has some attack.} Rd7 30. Rd1 (30. Qc3 $11) 30... Qe4 $1 $17
{White must now prevent ...Bc5!} 31. f3 (31. Qc1 $142) 31... Qe6 32. Qc2 {[#]}
Bf4 $2 (32... Qd5 $1 $19 {And now ... Bc5! would win.} 33. Kf2 {[#]} Bc5 $1 34.
Bxc5 Qxd1 35. Qxf5+ g6) 33. Bf2 $11 {The position is equal.} Rxd1+ 34. Qxd1 Bc7
35. Kf1 Qe5 36. Qc2 Qa1+ {Precision: White = 48%, Black = 55%.} 1/2-1/2

[Event "Yingmei Cup CHN-chT 2017"]
[Site "?"]
[Date "2017.11.03"]
[Round "17"]
[White "Ding, Liren"]
[Black "Zeng, Chongsheng"]
[Result "1-0"]
[WhiteElo "2772"]
[BlackElo "2546"]
[Annotator "TA"]
[PlyCount "133"]
[EventDate "2017.??.??"]
[SourceTitle "Tianjin"]

1. c4 e6 2. g3 d5 3. Bg2 c6 4. Qc2 Nf6 5. Nf3 Nbd7 6. d4 b6 7. O-O {E01:
Catalan: Early deviations} Bb7 8. Nc3 (8. b3 Rc8 9. Rd1 c5 10. Nc3 dxc4 11. d5
cxb3 12. axb3 Bxd5 13. e4 Ba8 14. Rxa7 Rc7 15. Ra2 Qc8 16. Bf4 Bc6 17. Bxc7
Qxc7 18. e5 Ng4 19. Nb5 Bxb5 20. Nd4 {1-0 (20) Danailov,S (2448)-Granda Zuniga,
J (2699) Benasque 2016}) 8... Bb4 $146 ({Predecessor:} 8... Rc8 9. Rd1 Bb4 10.
a3 Bxc3 11. Qxc3 Qe7 12. b3 O-O 13. Bb2 Rfd8 14. Qe3 c5 15. dxc5 Nxc5 {1-0 (57)
Klekowski,M (2473)-Przedmojski,R (2355) Katowice 2017}) 9. a3 {White has an
edge.} Bxc3 10. Qxc3 O-O 11. Rd1 Qe7 12. b4 Ne4 13. Qb3 a5 14. Nd2 Nxd2 15.
Bxd2 Ba6 16. cxd5 cxd5 17. b5 Bb7 18. a4 Rfc8 19. Rac1 Nf6 20. f3 Ne8 21. e3
Nd6 22. Be1 Rc4 23. Rxc4 Nxc4 24. e4 Rc8 25. e5 f6 26. exf6 Qxf6 27. Bf2 Nd6
28. Bf1 Rc7 29. Re1 Bc8 30. Kg2 Nc4 31. Be2 Qh6 32. Bd3 Qd2 33. Re2 Qb4 34. Bc2
(34. Qa2 {is more complex.} g6 35. Rc2 Bb7 36. h4 Rf7 37. Be2) 34... Qxb3 (
34... Na3 $11 {remains equal.} 35. Be1 Qc4 36. Qxc4 Rxc4) 35. Bxb3 $16 Nd6 36.
g4 {Bg3 is the strong threat.} Rc3 37. Re3 Rc1 $1 38. Re1 Rc3 $1 39. Re3 Rc1 $1
40. Be1 Nc4 41. Re2 Ra1 42. Bg3 Ra3 43. Bc2 Bd7 44. Kf2 Nb2 45. Bd6 $36 {
White has the initiative.} Ra1 46. Re1 Ra2 $1 47. Kg3 Nc4 48. Bb3 Rd2 (48...
Rxa4 $16 49. Bxa4 Nxd6) 49. Bxc4 $1 $18 dxc4 {Endgame [#] KRB-KRB} 50. Rc1 $1
c3 (50... Rxd4 $16 51. Be5 Rd5) 51. Rxc3 Rxd4 52. Be5 Rd5 53. Bc7 Rd4 {[#]} 54.
Ra3 $1 ({Less strong is} 54. Bxb6 Rxa4 55. Rc5 Rb4 $14) 54... Kf7 55. Bxb6 Rc4
56. Bxa5 e5 57. Bd2 e4 58. f4 Rc2 (58... Rd4 $142 59. Be3 Rd3 60. Rxd3 exd3)
59. Be3 g6 60. b6 Bc8 61. a5 Ba6 62. Rb3 Bf1 63. Bf2 h5 64. b7 {White mates.}
g5 65. fxg5 h4+ 66. Kxh4 Rxf2 67. b8=Q {Precision: White = 70%, Black = 45%.}
1-0

[Event "Yingmei Cup CHN-chT 2017"]
[Site "?"]
[Date "2017.11.03"]
[Round "17"]
[White "Bu, Xiangzhi"]
[Black "Ni, Hua"]
[Result "1/2-1/2"]
[WhiteElo "2730"]
[BlackElo "2674"]
[Annotator "TA"]
[PlyCount "63"]
[EventDate "2017.??.??"]
[SourceTitle "Tianjin"]

1. Nf3 d5 2. d4 Nf6 3. c4 e6 4. Nc3 Bb4 5. Bg5 h6 6. Bxf6 Qxf6 7. Qa4+ Nc6 8.
e3 O-O {D38: Queen's Gambit Declined: Ragozin Defence (4 Nf3 Bb4)} 9. Be2 Bd7 {
[#] Strongly threatening ...Nxd4.} 10. Qb3 dxc4 {White is slightly better.} 11.
Qxc4 Qg6 12. O-O Bd6 13. Rac1 Na5 14. Qd3 Qxd3 15. Bxd3 {[#]} Rac8 $146 ({
Predecessor:} 15... Nc6 16. Rfd1 {1/2-1/2 (33) Ni,H (2696)-Yu,Y (2734) Taizhou
2015}) 16. Ne4 Rfd8 17. Rc2 Ba4 18. b3 Be8 {The position is equal.} 19. Nxd6
cxd6 20. Rfc1 Rxc2 21. Rxc2 Nc6 22. a3 Kf8 23. Kf1 Ke7 24. Ke2 d5 25. Ne5 Kd6
26. Nxc6 Bxc6 $11 {Endgame KRB-KRB} 27. b4 Bd7 28. f4 Rc8 29. Rc5 b6 30. Rxc8
Bxc8 31. Kd2 Bd7 32. g3 {Precision: White = 37%, Black = 65%.} 1/2-1/2

[Event "Yingmei Cup CHN-chT 2017"]
[Site "?"]
[Date "2017.11.03"]
[Round "17"]
[White "Inarkiev, Ernesto"]
[Black "Xu, Jun"]
[Result "1-0"]
[WhiteElo "2693"]
[BlackElo "2510"]
[Annotator "TA"]
[PlyCount "57"]
[EventDate "2017.??.??"]
[SourceTitle "Tianjin"]

1. c4 Nf6 2. Nc3 e6 3. e4 d5 4. e5 d4 5. exf6 dxc3 6. bxc3 Qxf6 7. Nf3 e5 8.
Bd3 Na6 {A18: English Opening: Flohr-Mikenas System (1 c4 Nf6 2 Nc3 e6 3 e4)}
9. O-O {White wants to play Re1.} Bg4 (9... Bd6 10. Bc2 Bg4 11. d4 Bxf3 12.
Qxf3 Qxf3 13. gxf3 exd4 14. Ba4+ Kd8 15. cxd4 c5 16. d5 Kc7 17. Re1 Nb4 {
1-0 (65) Aronian,L (2816)-Naiditsch,A (2712) Istanbul 2012}) 10. Be2 {
Threatens to win with d4.} Bd6 {White has an edge.} 11. h3 $146 ({Predecessor:
} 11. d4 exd4 12. cxd4 O-O 13. Be3 c5 14. h3 Bf5 15. Qd2 h6 16. Rfe1 {0-1 (45)
Melkumyan,H (2630)-Shengelia,D (2543) Austria 2013}) 11... Bxf3 12. Bxf3 c6 13.
Rb1 $36 {Strongly threatening d4. White is on the roll.} O-O 14. d4 exd4 15.
cxd4 Rab8 16. Rb3 Rfd8 17. Bb2 Bc7 18. Qa1 Qg5 19. Re1 h6 20. Re4 f5 (20... Qf5
{keeps fighting.} 21. Qe1 Qa5) 21. Re6 $18 Re8 {[#]} 22. Qe1 $1 Rxe6 23. Qxe6+
Kh7 24. Re3 Rf8 25. Ba3 Rf6 $2 (25... Rg8 {might work better.} 26. Be2 c5 27.
Bxc5 (27. dxc5 Bf4 $18) 27... Nxc5 28. dxc5 f4) 26. Qd7 Rg6 $2 (26... Bf4) 27.
Qc8 {White is clearly winning.} Qd8 28. Qxf5 {[#] Threatening mate with Re6.}
Qxd4 {( -> ...Qa1+)} 29. g4 {Precision: White = 98%, Black = 38%.} 1-0